| 000 | 00685nam a2200217 i 4500 | ||
|---|---|---|---|
| 001 | 139085 | ||
| 003 | ES-MaACL | ||
| 005 | 20250827090954.0 | ||
| 007 | t| | ||
| 008 | 070214s1956 sp a |||| |dspa d | ||
| 100 | 0 |
_aSanz y Díaz, José, _d1907-1988 _9103694 |
|
| 245 | 1 | 4 |
_aLos amantes de Teruel / _cpor José Sanz y Díaz. |
| 246 | 3 | 4 | _aTeruel y los amantes |
| 260 |
_aMadrid : _bPublicaciones Españolas, _c1956. |
||
| 300 |
_a29 p. : _bil. ; _c24 cm. |
||
| 490 | 1 |
_aTemas españoles ; _v276 |
|
| 650 | 7 |
_aAmantes de Teruel (Leyenda) _2embne _9150826 |
|
| 830 | 1 |
_aTemas españoles ; _v276 _9178712 |
|
| 852 |
_aES-MaACL _j1980-F-7 |
||
| 999 |
_c139085 _d139085 |
||